О возможности синтеза итррий-бариевых купратов в электроразрядной плазменной струе; Перспективы развития фундаментальных наук; Т. 2 : Химия
| Parent link: | Перспективы развития фундаментальных наук=Prospects of Fundamental Sciences Development: сборник научных трудов XIII Международной конференции студентов, аспирантов и молодых ученых, г. Томск, 26-29 апреля 2016 г./ Национальный исследовательский Томский политехнический университет (ТПУ) ; под ред. И. А. Курзиной, Г. А. Вороновой.— , 2016 Т. 2 : Химия.— 2016.— [С. 476-478] |
|---|---|
| Autore principale: | |
| Ente Autore: | |
| Altri autori: | , , |
| Riassunto: | Заглавие с титульного экрана In this paper, the possibility is shown to synthesize yttrium-barium cuprates using a high-speed electro discharge plasma jet. The synthesized products were charactirezed by X-Ray diffractometry, scanning electron microscopy and transmission electron microscopy. |
| Lingua: | russo |
| Pubblicazione: |
2016
|
| Soggetti: | |
| Accesso online: | http://earchive.tpu.ru/handle/11683/25904 |
| Natura: | MixedMaterials Elettronico Capitolo di libro |
| KOHA link: | https://koha.lib.tpu.ru/cgi-bin/koha/opac-detail.pl?biblionumber=618207 |
MARC
| LEADER | 00000naa2a2200000 4500 | ||
|---|---|---|---|
| 001 | 618207 | ||
| 005 | 20241029110713.0 | ||
| 035 | |a (RuTPU)RU\TPU\conf\16588 | ||
| 035 | |a RU\TPU\conf\16587 | ||
| 090 | |a 618207 | ||
| 100 | |a 20160526d2016 k y0rusy50 ca | ||
| 101 | 0 | |a rus | |
| 102 | |a RU | ||
| 105 | |a y z 101zy | ||
| 135 | |a drcn ---uucaa | ||
| 181 | 0 | |a i | |
| 182 | 0 | |a b | |
| 200 | 1 | |a О возможности синтеза итррий-бариевых купратов в электроразрядной плазменной струе |d On possibility of synthesis of yttrium-barium cuprates in electro discharge plasma jet |f А. И. Циммерман, Ю. Л. Шаненкова, М. И. Гуков |g науч. рук. А. А. Сивков | |
| 203 | |a Текст |c электронный | ||
| 300 | |a Заглавие с титульного экрана | ||
| 320 | |a [Библиогр.: с. 478 (4 назв.)] | ||
| 330 | |a In this paper, the possibility is shown to synthesize yttrium-barium cuprates using a high-speed electro discharge plasma jet. The synthesized products were charactirezed by X-Ray diffractometry, scanning electron microscopy and transmission electron microscopy. | ||
| 461 | 1 | |0 (RuTPU)RU\TPU\conf\16353 |t Перспективы развития фундаментальных наук |l Prospects of Fundamental Sciences Development |o сборник научных трудов XIII Международной конференции студентов, аспирантов и молодых ученых, г. Томск, 26-29 апреля 2016 г. |o в 7 т. |f Национальный исследовательский Томский политехнический университет (ТПУ) ; под ред. И. А. Курзиной, Г. А. Вороновой |d 2016 | |
| 463 | 0 | |0 (RuTPU)RU\TPU\conf\16355 |t Т. 2 : Химия |v [С. 476-478] |d 2016 | |
| 510 | 1 | |a On possibility of synthesis of yttrium-barium cuprates in electro discharge plasma jet |z eng | |
| 610 | 1 | |a труды учёных ТПУ | |
| 610 | 1 | |a электронный ресурс | |
| 610 | 1 | |a сверхпроводники | |
| 610 | 1 | |a перспективные материалы | |
| 610 | 1 | |a купраты | |
| 610 | 1 | |a медные электроды | |
| 610 | 1 | |a магнитоплазменные ускорители | |
| 700 | 1 | |a Циммерман |b А. И. |c специалист в области электроэнергетики |c инженер Томского политехнического университета |f 1996- |g Александр Игоревич |3 (RuTPU)RU\TPU\pers\46725 |9 22361 | |
| 701 | 1 | |a Шаненкова |b Ю. Л. |c специалист в области электроэнергетики |c доцент Томского политехнического университета, кандидат технических наук |f 1991- |g Юлия Леонидовна |3 (RuTPU)RU\TPU\pers\34117 |9 17657 | |
| 701 | 1 | |a Гуков |b М. И. | |
| 702 | 1 | |a Сивков |b А. А. |c специалист в области электроэнергетики |c профессор Томского политехнического университета, доктор технических наук |f 1951- |g Александр Анатольевич |4 727 | |
| 712 | 0 | 2 | |a Национальный исследовательский Томский политехнический университет (ТПУ) |b Энергетический институт (ЭНИН) |b Кафедра электроснабжения промышленных предприятий (ЭПП) |3 (RuTPU)RU\TPU\col\18676 |
| 801 | 2 | |a RU |b 63413507 |c 20210118 |g RCR | |
| 856 | 4 | |u http://earchive.tpu.ru/handle/11683/25904 | |
| 942 | |c BK | ||